Breeding ornamental plants: Classical and molecular approaches
Breeding plants to encourage specific traits is usual in agriculture but less common in ornamental horticulture. Daffodils, daylilies, hostas, lilacs, magnolias, and rhododendrons are among the 15 subjects covered by experts in the field.
Guardat en:
| Format: | Llibre |
|---|---|
| Idioma: | Undetermined |
| Publicat: |
Dordrecht
Kluwer Academic
2000
|
| Matèries: | |
| Etiquetes: |
Afegir etiqueta
Sense etiquetes, Sigues el primer a etiquetar aquest registre!
|
| Thư viện lưu trữ: | Trung tâm Học liệu Trường Đại học Cần Thơ |
|---|
| LEADER | 00856nam a2200217Ia 4500 | ||
|---|---|---|---|
| 001 | CTU_170429 | ||
| 008 | 210402s9999 xx 000 0 und d | ||
| 020 | |c 72.07 | ||
| 082 | |a 635.9152 | ||
| 082 | |b B832 | ||
| 245 | 0 | |a Breeding ornamental plants: | |
| 245 | 0 | |b Classical and molecular approaches | |
| 245 | 0 | |c Edited by Dorothy J. Callaway, M. Brett Callaway | |
| 260 | |a Dordrecht | ||
| 260 | |b Kluwer Academic | ||
| 260 | |c 2000 | ||
| 520 | |a Breeding plants to encourage specific traits is usual in agriculture but less common in ornamental horticulture. Daffodils, daylilies, hostas, lilacs, magnolias, and rhododendrons are among the 15 subjects covered by experts in the field. | ||
| 650 | |a Plants, Ornamental,Cây, cảnh | ||
| 650 | |x Breeding,Chăm sóc | ||
| 904 | |i Qhieu | ||
| 980 | |a Trung tâm Học liệu Trường Đại học Cần Thơ | ||